[Event "Satka Autumn (Women)"]
[Site "Satka"]
[Date "2023.08.29"]
[Round "1"]
[White "Matsenko, Elena"]
[Black "Charochkina, Daria"]
[Result "0-1"]
[WhiteElo "1655"]
[BlackElo "2312"]
[PlyCount "86"]
[EventDate "2023.08.29"]
[EventType "swiss"]
[EventRounds "9"]
[EventCountry "RUS"]
[SourceTitle "CBM 216 Extra"]
[Source "ChessBase"]
[SourceDate "2023.11.30"]
[SourceVersion "1"]
[SourceVersionDate "2023.11.30"]
[SourceQuality "1"]

1. e4 c5 2. Nf3 Nc6 3. d4 cxd4 4. Nxd4 e6 5. c4 Nf6 6. Nc3 Bb4 7. Nxc6 bxc6 8. Bd3 e5 9. 0-0 0-0 10. Bd2 Bc5 11. Qe2 Rb8 12. b3 h6 13. Be3 Bd4 14. Rac1 Re8 15. c5 d5 16. cxd6 Qxd6 17. f3 Nh5 18. g3 Bh3 19. Rfd1 Re6 20. Bxd4 exd4 21. e5 Rxe5 22. Ne4 Qg6 23. Qf2 Nf4 24. Qxd4 Nxd3 25. Qxd3 Rbe8 26. Qc4 R5e6 27. Qc5 f5 28. Nf2 Qh5 29. g4 Qh4 30. Qc4 fxg4 31. Nxh3 Qxh3 32. Qxg4 Qxg4+ 33. fxg4 Re2 34. Rxc6 Rxa2 35. Rc7 Ree2 36. Rd8+ Kh7 37. Rd1 Rg2+ 38. Kf1 Rxh2 39. Kg1 Rhg2+ 40. Kf1 Rxg4 41. Rdd7 a5 42. Ra7 Ra3 43. Rdb7 Rg3 0-1

[Event "Cheliabinsk Lozovatsky Memorial-B"]
[Site "Cheliabinsk"]
[Date "2023.02.04"]
[Round "9"]
[White "Sovetbekova, Nurai"]
[Black "Matsenko, Elena"]
[Result "1/2-1/2"]
[WhiteElo "2011"]
[BlackElo "1673"]
[PlyCount "81"]
[EventDate "2023.01.27"]
[EventType "swiss"]
[EventRounds "10"]
[EventCountry "RUS"]
[SourceTitle "CBM 212 Extra"]
[Source "ChessBase"]
[SourceDate "2023.03.31"]
[SourceVersion "1"]
[SourceVersionDate "2023.03.31"]
[SourceQuality "1"]

1. d4 Nf6 2. c4 e6 3. Nc3 Bb4 4. Bd2 0-0 5. e3 b6 6. Nf3 d5 7. cxd5 exd5 8. Bd3 Re8 9. 0-0 Bd6 10. Qb1 Ba6 11. Nb5 Bf8 12. Ne5 c6 13. Nc3 Bxd3 14. Qxd3 c5 15. f4 c4 16. Qc2 Nbd7 17. Be1 a6 18. Bh4 Qc7 19. Qf5 Qd6 20. Nxd7 Nxd7 21. Rfe1 Rac8 22. Qxd5 Qxd5 23. Nxd5 f5 24. Rac1 b5 25. Kf2 Kf7 26. Nc3 b4 27. Ne2 Bd6 28. h3 h5 29. Kf3 Nb6 30. Ng3 g6 31. e4 fxe4+ 32. Nxe4 Bf8 33. Rc2 Kg7 34. Bf6+ Kg8 35. Be5 Be7 36. Rec1 b3 37. axb3 cxb3 38. Rxc8 Rxc8 39. Nc5 a5 40. Re1 Kf7 41. Ke4 1/2-1/2

[Event "Satka Autumn op (Women)"]
[Site "Satka"]
[Date "2021.09.02"]
[Round "3"]
[White "Matsenko, Elena"]
[Black "Nosacheva, Mariya"]
[Result "0-1"]
[WhiteElo "1739"]
[BlackElo "2215"]
[PlyCount "54"]
[EventDate "2021.08.31"]
[EventType "swiss"]
[EventRounds "9"]
[EventCountry "RUS"]
[SourceTitle "CBM 204 Extra"]
[Source "ChessBase"]
[SourceDate "2021.11.30"]
[SourceVersion "1"]
[SourceVersionDate "2021.11.30"]
[SourceQuality "1"]

1. d4 Nf6 2. c4 g6 3. Nc3 Bg7 4. e4 d6 5. Be2 0-0 6. Be3 Na6 7. g4 c5 8. d5 e6 9. g5 Ne8 10. Qd2 Qa5 11. Nf3 exd5 12. Nxd5 Qd8 13. 0-0-0 Be6 14. Kb1 b5 15. cxb5 Nac7 16. Bc4 Rb8 17. Qd3 a6 18. b6 Nxd5 19. Bxd5 Qxb6 20. b3 Nc7 21. Nd2 Nxd5 22. exd5 Bf5 23. Ne4 Qb4 24. f3 c4 25. Qd2 Bc3 26. Qc2 cxb3 27. axb3 Qa3 0-1

[Event "Cheliabinsk Panchenko Memorial op-B"]
[Site "Cheliabinsk"]
[Date "2020.09.11"]
[Round "5"]
[White "Vifleemskaia, Svetlana"]
[Black "Matsenko, Elena"]
[Result "1/2-1/2"]
[WhiteElo "1943"]
[BlackElo "1783"]
[PlyCount "50"]
[EventDate "2020.09.07"]
[EventType "swiss"]
[EventRounds "9"]
[EventCountry "RUS"]
[SourceTitle "CBM 198 Extra"]
[Source "ChessBase"]
[SourceDate "2020.11.30"]
[SourceVersion "1"]
[SourceVersionDate "2020.11.30"]
[SourceQuality "1"]

1. d4 f5 2. c4 Nf6 3. Nf3 g6 4. e3 Bg7 5. b4 d6 6. Bb2 0-0 7. Be2 c6 8. Nc3 Kh8 9. 0-0 Be6 10. a4 Nbd7 11. a5 a6 12. Qc2 Bg8 13. Rfd1 Qc7 14. c5 d5 15. Na4 Rae8 16. Nb6 Ne4 17. Nxd7 Qxd7 18. Ne5 Qc7 19. f3 Nf6 20. Bd3 Nd7 21. Nxd7 Qxd7 22. f4 Bf6 23. Rf1 e6 24. g3 g5 25. Be2 Bf7 1/2-1/2

[Event "Cheliabinsk Panchenko Memorial op-B"]
[Site "Cheliabinsk"]
[Date "2020.09.07"]
[Round "1"]
[White "Maltsevskaya, Aleksandra"]
[Black "Matsenko, Elena"]
[Result "1-0"]
[WhiteElo "2272"]
[BlackElo "1783"]
[PlyCount "55"]
[EventDate "2020.09.07"]
[EventType "swiss"]
[EventRounds "9"]
[EventCountry "RUS"]
[SourceTitle "CBM 198 Extra"]
[Source "ChessBase"]
[SourceDate "2020.11.30"]
[SourceVersion "1"]
[SourceVersionDate "2020.11.30"]
[SourceQuality "1"]

1. e4 c5 2. Nf3 Nc6 3. d4 cxd4 4. Nxd4 Qc7 5. Nc3 e6 6. f4 d6 7. Be3 a6 8. Qf3 Nf6 9. Nb3 Be7 10. 0-0-0 0-0 11. g4 b5 12. g5 Nd7 13. Rg1 Re8 14. Rg3 g6 15. h4 Bf8 16. h5 Bb7 17. Rh3 Bg7 18. Qf2 Rac8 19. Qd2 Nb4 20. Bd4 e5 21. fxe5 Nxe5 22. a3 Nc4 23. Qh2 Bxd4 24. Rxd4 Nc6 25. hxg6 Nxd4 26. Rxh7 Nxb3+ 27. cxb3 fxg6 28. Rh8+ 1-0

[Event "Satka Autumn op (Women)"]
[Site "Satka"]
[Date "2019.09.21"]
[Round "3"]
[White "Matsenko, Elena"]
[Black "Nichkova, Alisa"]
[Result "1-0"]
[WhiteElo "1841"]
[BlackElo "1246"]
[PlyCount "81"]
[EventDate "2019.09.19"]
[EventType "swiss"]
[EventRounds "9"]
[EventCountry "RUS"]
[SourceTitle "EXT 2020"]
[Source "ChessBase"]
[SourceDate "2019.10.17"]
[SourceVersion "1"]
[SourceVersionDate "2019.10.17"]
[SourceQuality "1"]

1. e4 c5 2. Nf3 Nc6 3. d4 e6 4. Nc3 g6 5. Be3 Bg7 6. dxc5 b6 7. cxb6 axb6 8. Nd4 e5 9. Nxc6 dxc6 10. Qxd8+ Kxd8 11. Bxb6+ Ke8 12. 0-0-0 Rb8 13. Bc5 Bh6+ 14. Kb1 Rb7 15. Ba6 Rb8 16. Bd6 Ra8 17. Bxc8 Rxc8 18. Bxe5 f6 19. Bg3 Ne7 20. Rhe1 Rf8 21. f4 f5 22. exf5 Rxf5 23. Ne4 Rb8 24. Nd6+ Kf8 25. Nxf5 Nxf5 26. Rd7 Bg7 27. b3 h6 28. Bf2 Bf6 29. g4 Ne7 30. Bc5 Re8 31. a4 g5 32. fxg5 Bxg5 33. a5 Rb8 34. Bxe7+ Bxe7 35. Rexe7 Ra8 36. Ra7 Rb8 37. a6 Rb6 38. Reb7 Rxb7 39. Rxb7 Ke8 40. a7 Kd8 41. a8Q# 1-0

[Event "Satka Autumn op (Women)"]
[Site "Satka"]
[Date "2018.09.19"]
[Round "9"]
[White "Filippova, Darya"]
[Black "Matsenko, Elena"]
[Result "1-0"]
[WhiteElo "2061"]
[BlackElo "1854"]
[PlyCount "81"]
[EventDate "2018.09.11"]
[EventType "swiss"]
[EventRounds "9"]
[EventCountry "RUS"]
[SourceTitle "CBM 186 Extra"]
[Source "ChessBase"]
[SourceDate "2018.08.24"]
[SourceVersion "1"]
[SourceVersionDate "2018.08.24"]
[SourceQuality "1"]

1. c4 Nf6 2. Nc3 e6 3. Nf3 d5 4. cxd5 exd5 5. d4 c6 6. Qc2 Be7 7. Bf4 Nbd7 8. h3 Nf8 9. e3 Ne6 10. Bh2 Bd6 11. Bxd6 Qxd6 12. Bd3 g6 13. 0-0 0-0 14. Rab1 Ng7 15. b4 a6 16. Na4 Bf5 17. Nc5 Bxd3 18. Qxd3 Qe7 19. Ne5 Nf5 20. a4 Nd6 21. Rfc1 Rfe8 22. Rb3 Kg7 23. Qe2 Nfe4 24. f3 Ng5 25. Qf2 f6 26. Ng4 h5 27. Nh2 Ngf7 28. Nf1 f5 29. f4 Qd8 30. Nd2 Qe7 31. Nf3 Ne4 32. Qe1 Nfd6 33. Ne5 Rac8 34. Ncd3 Ra8 35. Rc2 Rh8 36. Qc1 Rad8 37. b5 axb5 38. axb5 Nc4 39. bxc6 Nxe5 40. Nxe5 Kh6 41. Rxb7 1-0

[Event "Satka Autumn op (Women)"]
[Site "Satka"]
[Date "2018.09.17"]
[Round "7"]
[White "Voit, Daria"]
[Black "Matsenko, Elena"]
[Result "1-0"]
[WhiteElo "2369"]
[BlackElo "1854"]
[PlyCount "55"]
[EventDate "2018.09.11"]
[EventType "swiss"]
[EventRounds "9"]
[EventCountry "RUS"]
[SourceTitle "CBM 186 Extra"]
[Source "ChessBase"]
[SourceDate "2018.08.24"]
[SourceVersion "1"]
[SourceVersionDate "2018.08.24"]
[SourceQuality "1"]

1. d4 e6 2. Nf3 b6 3. e4 Bb7 4. Bd3 d6 5. 0-0 Nf6 6. Qe2 Be7 7. e5 Nfd7 8. Rd1 0-0 9. Bf4 Nc6 10. Qe4 g6 11. Bh6 Re8 12. Nc3 d5 13. Qg4 Bf8 14. Bg5 Be7 15. h4 Nb4 16. h5 Nxd3 17. cxd3 Nf8 18. Bh6 c5 19. Ne2 Kh8 20. g3 Nd7 21. hxg6 fxg6 22. Kg2 Bf8 23. Rh1 Bxh6 24. Rxh6 Nf8 25. Rah1 Re7 26. Nf4 Qc7 27. Nxg6+ Nxg6 28. Qxg6 1-0

[Event "Capablanca Memorial op 52nd"]
[Site "Matanzas"]
[Date "2017.05.28"]
[Round "2"]
[White "Matsenko, Elena"]
[Black "Fernandez Rivero, Karla July"]
[Result "1/2-1/2"]
[WhiteElo "1901"]
[BlackElo "2083"]
[PlyCount "99"]
[EventDate "2017.05.27"]
[EventType "swiss"]
[EventRounds "10"]
[EventCountry "CUB"]
[SourceTitle "EXT 2018"]
[Source "ChessBase"]
[SourceDate "2017.10.13"]
[SourceVersion "1"]
[SourceVersionDate "2017.10.13"]
[SourceQuality "1"]

1. e4 e5 2. Nf3 Nc6 3. Nc3 Nf6 4. g3 Bc5 5. Bg2 d6 6. h3 a6 7. d3 h6 8. Qe2 Be6 9. Be3 Qd7 10. a3 Nd4 11. Qd1 0-0-0 12. Bxd4 exd4 13. Ne2 Qc6 14. Nexd4 Qb6 15. c3 Qxb2 16. 0-0 Qxc3 17. Nxe6 fxe6 18. a4 Ba7 19. Rc1 Qa5 20. Qb3 d5 21. Rb1 Bb6 22. Rfc1 Kb8 23. Ne5 Rhf8 24. Rc2 Nd7 25. Ng6 Rf6 26. Nf4 Nc5 27. Qa3 dxe4 28. dxe4 e5 29. Nd5 Rfd6 30. Rc4 Rf8 31. Nxb6 cxb6 32. Rcb4 Rfd8 33. Bf1 Ka7 34. Qa1 Rd4 35. Rxb6 Qxb6 36. Rxb6 Kxb6 37. Qb2+ Ka7 38. a5 Na4 39. Qc2 R8d7 40. Be2 Kb8 41. Kg2 Rc7 42. Qb3 Nc5 43. Qg8+ Ka7 44. Qe8 Rxe4 45. Bf3 Rd4 46. Qxe5 Rdd7 47. Bg4 Re7 48. Qd4 Kb8 49. Qd8+ Ka7 50. Qd4 1/2-1/2

[Event "Capablanca Memorial op 52nd"]
[Site "Matanzas"]
[Date "2017.05.27"]
[Round "1"]
[White "Avila Pavas, Santiago"]
[Black "Matsenko, Elena"]
[Result "1-0"]
[WhiteElo "2168"]
[BlackElo "1901"]
[PlyCount "59"]
[EventDate "2017.05.27"]
[EventType "swiss"]
[EventRounds "10"]
[EventCountry "CUB"]
[SourceTitle "EXT 2018"]
[Source "ChessBase"]
[SourceDate "2017.10.13"]
[SourceVersion "1"]
[SourceVersionDate "2017.10.13"]
[SourceQuality "1"]

1. d4 d5 2. Bf4 Nf6 3. e3 Bf5 4. c4 c6 5. Nc3 e6 6. Qb3 Qb6 7. c5 Qxb3 8. axb3 Nbd7 9. b4 Nh5 10. Be5 f6 11. Bc7 g5 12. b5 cxb5 13. Nxb5 a6 14. Bd6 Kf7 15. Bxf8 Kxf8 16. Nd6 Rb8 17. Nxf5 exf5 18. Ne2 Ke7 19. Nc3 Ke6 20. Be2 Ng7 21. Bf3 Rhd8 22. Bxd5+ Ke7 23. b4 Ne6 24. Bb3 Nc7 25. d5 Kf8 26. f4 Kg7 27. d6 Ne8 28. Nd5 Kh6 29. Ne7 Ng7 30. c6 1-0

[Event "Satka Autumn op"]
[Site "Satka"]
[Date "2016.09.21"]
[Round "1"]
[White "Matsenko, Elena"]
[Black "Khlichkova, Tatiana"]
[Result "1/2-1/2"]
[WhiteElo "1954"]
[BlackElo "2265"]
[PlyCount "90"]
[EventDate "2016.09.21"]
[EventType "swiss"]
[EventRounds "9"]
[EventCountry "RUS"]
[SourceTitle "CBM 174 Extra"]
[Source "ChessBase"]
[SourceDate "2016.10.10"]
[SourceVersion "1"]
[SourceVersionDate "2016.10.10"]
[SourceQuality "1"]

1. e4 e6 2. d4 d5 3. exd5 exd5 4. Bd3 Nf6 5. Ne2 c5 6. dxc5 Bxc5 7. 0-0 0-0 8. h3 Nc6 9. c3 Ne4 10. Qc2 Bf5 11. Be3 Bxe3 12. fxe3 Qg5 13. Nf4 Rad8 14. Nd2 Nxd2 15. Qxd2 Be4 16. Rf2 Rfe8 17. b3 Ne5 18. Be2 g6 19. Re1 f5 20. Qd4 Nc6 21. Qc5 Qe7 22. Qxe7 Rxe7 23. Rd1 Kf7 24. Bf1 Kf6 25. Rfd2 g5 26. Nxd5+ Rxd5 27. Rxd5 Bxd5 28. Rxd5 Rxe3 29. Rd3 Re7 30. Kf2 h5 31. Rd6+ Ke5 32. Rh6 h4 33. Kf3 Rc7 34. Bc4 Nd8 35. Rh8 b5 36. Re8+ Kf6 37. Rxd8 bxc4 38. b4 Ke5 39. Re8+ Kf6 40. Rd8 Re7 41. Rd4 Rc7 42. Rd8 Ke5 43. Re8+ Kf6 44. Rd8 Ke5 45. Re8+ Kf6 1/2-1/2

[Event "Terre degli Elimi op 6th"]
[Site "Erice"]
[Date "2015.07.30"]
[Round "3"]
[White "Matsenko, Elena"]
[Black "Bonoo, Iwan"]
[Result "1/2-1/2"]
[WhiteElo "1996"]
[BlackElo "1930"]
[PlyCount "124"]
[EventDate "2015.07.28"]
[EventType "swiss"]
[EventRounds "9"]
[EventCountry "ITA"]
[SourceTitle "EXT 2017"]
[Source "ChessBase"]
[SourceDate "2016.10.25"]
[SourceVersion "1"]
[SourceVersionDate "2016.10.25"]
[SourceQuality "1"]

1. e4 c5 2. Nf3 Nc6 3. d4 cxd4 4. Nxd4 Nf6 5. Nc3 e5 6. Ndb5 d6 7. Bg5 a6 8. Na3 b5 9. Nd5 Be7 10. Bxf6 Bxf6 11. c4 b4 12. Nc2 Rb8 13. b3 Bg5 14. g3 Ne7 15. Bg2 Nxd5 16. Qxd5 Bb7 17. Qd3 0-0 18. 0-0 Qb6 19. Rad1 Rbd8 20. Kh1 a5 21. h4 Bh6 22. Kh2 g6 23. Bh3 Qc6 24. f3 Qc5 25. Rfe1 Qf2+ 26. Bg2 f5 27. Re2 Qc5 28. Rf1 Rf6 29. exf5 gxf5 30. Rd1 Kh8 31. Rde1 Rg8 32. Ne3 f4 33. Ng4 fxg3+ 34. Kh1 Rf4 35. Rd1 Bf8 36. Qe3 Qxe3 37. Nxe3 Rxh4+ 38. Kg1 Rf4 39. Nd5 Rf7 40. Re4 Rg6 41. Rh4 Bh6 42. Kf1 Kg7 43. Ke2 Bc8 44. Rdh1 Bb7 45. Rd1 Bf4 46. Rh5 Bc8 47. Rdh1 h6 48. Rd1 Bg5 49. Bh3 e4 50. Bxc8 exf3+ 51. Kf1 Rf8 52. Bh3 Re8 53. Bg4 Re2 54. Bxf3 Rf2+ 55. Kg1 Rxf3 56. Kg2 Rf2+ 57. Kxg3 Be3+ 58. Kh3 Bc5 59. Ne7 Rgg2 60. Rhd5 Kf6 61. Nc8 Rh2+ 62. Kg3 Rhg2+ 1/2-1/2

[Event "Satka Autumn op (Women)"]
[Site "Satka"]
[Date "2014.09.25"]
[Round "5"]
[White "Porozhniak, Maya"]
[Black "Matsenko, Elena"]
[Result "1/2-1/2"]
[WhiteElo "1848"]
[BlackElo "2027"]
[PlyCount "77"]
[EventDate "2014.09.21"]
[EventType "swiss"]
[EventRounds "9"]
[EventCountry "RUS"]
[SourceTitle "CBM 162 Extra"]
[Source "ChessBase"]
[SourceDate "2014.10.17"]
[SourceVersion "1"]
[SourceVersionDate "2014.10.17"]
[SourceQuality "1"]

1. e4 c5 2. Nf3 e6 3. d4 cxd4 4. Nxd4 a6 5. a3 Nc6 6. Nc3 Qc7 7. Be2 Nf6 8. g4 d6 9. g5 Nd7 10. Be3 b5 11. f4 Bb7 12. Bf3 Rc8 13. 0-0 Be7 14. h4 0-0 15. h5 Nxd4 16. Qxd4 e5 17. Qd2 exf4 18. Bxf4 Ne5 19. Qg2 Qc5+ 20. Kh2 Nxf3+ 21. Rxf3 b4 22. axb4 Qxb4 23. Rd3 d5 24. Ra4 Qxb2 25. Ra2 Qb4 26. Ra4 Qc5 27. Nxd5 Bxd5 28. Rxd5 Qxc2 29. Rxa6 Qb1 30. Ra2 Rc4 31. Re2 Rfc8 32. g6 fxg6 33. hxg6 hxg6 34. Qxg6 Bf6 35. Rd7 Qf1 36. Qf7+ Kh8 37. Qh5+ Kg8 38. Qf7+ Kh8 39. Qh5+ 1/2-1/2